National Parks by Iconic Photo - Statistics

General Stats
  • This quiz has been taken 25 times
  • The average score is 7 of 12
Answer Stats
Picture Answer % Correct
Arches
95%
Yellowstone
95%
Joshua Tree
90%
Sequoia
90%
Yosemite
71%
Denali
67%
Zion
67%
Badlands
62%
Banff
33%
Grand Canyon
33%
Gros Morne
5%
Nahanni
5%
No matching quizzes found
Score Distribution
Percent of People with Each Score
Percentile by Number Answered
Your Score History
You have not taken this quiz